000 00606nmm a2200193Ia 4500
008 251105s9999||||xx |||||||||||||||||und||
020 _a9788491342991
041 _aspa
100 _aCorrea Ballester, Jorge
245 0 _aUniversidad y Sociedad: Historia y pervivencias
264 _a[Madrid, España] :
_bPublicaciones de la Universidad de Valencia (PUV),
_c2018
300 _a592 páginas
490 _aCinc segles
650 _aHistory of Asia
700 _aCorrea Ballester, Jorge
700 1 _a Baldó Lacomba, Marc
856 _uhttps://public.digitaliapublishing.com/a/62572
942 _cCF
999 _c64230
_d64230